000
00278nam a2200109Ia 4500
008
220204s9999 xx 000 0 und d
082
_a
339.138
_b
PRO
100
_a
Prout, T P
245
0
_a
Industrial market research workbook
260
_a
Great Britain
_b
Gower
_c
1973
942
_c
BK
999
_c
28461
_d
28461